| 000 | 00611nam a22001457a 4500 | ||
|---|---|---|---|
| 999 |
_c134077 _d134077 |
||
| 005 | 20240513100617.0 | ||
| 008 | 240513b ||||| |||| 00| 0 eng d | ||
| 040 | _cPK-LaUMT | ||
| 082 |
_aAPC 297.23 _bTAH-I |
||
| 100 | _aTahir ul Qadiri, Muhammad = | ||
| 245 |
_aInsan aur kainat ki takhleeq o irtaqa = انسان اور کائنات کی تخلیق و ارتقائ قرآن اور جدید سائنسی تحقیقات کا تقابلی مطالیہ / _cby Muhammad Tahir ul Qadiri = محمد طاہرالقادری |
||
| 260 |
_aLahore : _bIdarah Minhaj ul Quran, _c1992 |
||
| 300 | _a99 p. | ||
| 942 | _cBK | ||